000 00851nam a2200217 i 4500
001 137423
003 ES-MaACL
005 20231228203848.0
007 t|
008 070214s1947 ag r ||||1| spa d
080 _a336.2(460)"07"
100 1 _aSánchez-Albornoz, Claudio,
_d1893-1984
_9102440
245 1 3 _aEl "stipendium" hispano-godo y los orígenes del beneficio prefeudal /
_cClaudio Sánchez-Albornoz.
260 _aBuenos Aires :
_bFacultad de Filosofía y Letras,
_c1947.
300 _a148 p. ;
_c27 cm.
594 _aPrecede al tít. : Instituto de Investigaciones Históricas, Departamento de Historia de España.
650 4 _aImpuestos-
_zEspaña-
_yS.V-XV.
_9162618
710 2 _aUniversidad de Buenos Aires.
_bInstituto de Investigaciones Históricas.
_9162617
852 _aES-MaACL
_jD-7088
999 _c137423
_d137423